[Event "BLACKDOG IV"]
[Site "http://www.queenalice.com/game.php?id=609664"]
[Date "2009.6.27"]
[Round "-"]
[White "perucona"]
[Black "hbaldin"]
[Result "1-0"]
[WhiteElo "1678"]
[BlackElo "1102"]

1. e4 g6 2. d4 Nf6 3. e5 Ng8 4. d5 Bg7 5. Nf3 d6 6. exd6 exd6 7. Bb5+ c6 8. Bd3
cxd5 9. O-O h5 10. Re1+ Be6 11. Qe2 Na6 12. Bxa6 bxa6 13. Nc3 a5 14. Bg5 f6 15.
Bd2 g5 16. Qxe6+ Ne7 17. Re2 d4 18. Nxd4 Bf8 19. Rae1 Rh7 20. Nd5 1-0

[Event "BILLIE JEAN"]
[Site "http://www.queenalice.com/game.php?id=609846"]
[Date "2009.6.27"]
[Round "-"]
[White "perucona"]
[Black "hbaldin"]
[Result "1-0"]
[WhiteElo "1650"]
[BlackElo "1102"]

1. e4 h5 2. d4 b6 3. Nf3 Nf6 4. e5 Nh7 5. Bb5 a6 6. Be2 a5 7. O-O e6 8. Nc3 Na6
9. Bxa6 Rxa6 10. Bg5 f6 11. Be3 a4 12. exf6 gxf6 13. Bf4 e5 14. dxe5 fxe5 15.
Bxe5 Rg8 16. g3 Bb7 17. Kg2 Rg7 18. Bxg7 Bxg7 19. Qe2+ 1-0

[Event "AUTO-BEG-326"]
[Site "http://www.queenalice.com/game.php?id=615047"]
[Date "2009.7.8"]
[Round "1"]
[White "minhoca_verde"]
[Black "hbaldin"]
[Result "1-0"]
[WhiteElo "1322"]
[BlackElo "1134"]

1. d3 c6 2. c3 d6 3. Nf3 Qa5 4. Qb3 Be6 5. Qxb7 Na6 6. Qxa8+ Kd7 7. Qxa7+ Kc8 8.
Qa8+ Kc7 9. Qxf8 f6 10. Nd4 Bxa2 11. Ne6+ Kd7 12. Qxg7 Kxe6 13. Qxh8 Nh6 14.
Bxh6 1-0

[Event "joga ae"]
[Site "http://www.queenalice.com/game.php?id=620665"]
[Date "2009.7.17"]
[Round "-"]
[White "jmmarca"]
[Black "hbaldin"]
[Result "0-1"]
[WhiteElo "1235"]
[BlackElo "1099"]

1. e4 e6 2. g3 Qg5 3. Nf3 Qc5 4. Qe2 Qxc2 5. Qc4 Qxc4 6. Bxc4 h5 7. h4 b6 8. b3
a5 9. Ba3 g6 10. Bb2 f6 11. a4 d6 12. Na3 e5 13. Nb5 c6 14. Nc7+ Kd7 15. Nxa8
Bb7 16. Nxb6+ Kc7 0-1

[Event "Challenge"]
[Site "http://www.queenalice.com/game.php?id=622858"]
[Date "2009.7.22"]
[Round "-"]
[White "Edgard1995"]
[Black "hbaldin"]
[Result "1-0"]
[WhiteElo "1595"]
[BlackElo "1116"]

1. e4 g6 2. Bc4 Bh6 3. Nf3 Nf6 4. d3 Bg7 5. Nc3 O-O 6. Bg5 Nh5 7. Qd2 b5 8. Bxb5
a6 9. Bc4 h6 10. Bxh6 Kh7 11. Bxg7 Kxg7 12. Ne5 d6 13. Ng4 Qd7 14. Qh6+ Kg8 15.
Ne2 d5 16. Bxd5 1-0